| 000 | 00888cam a22002651 4500 | ||
|---|---|---|---|
| 001 | 8862 | ||
| 003 | BD-RjUL | ||
| 005 | 20211208234651.0 | ||
| 008 | 140119s1962 xx 000 0 ger | ||
| 035 | _a(BD-RjUL)8907 | ||
| 040 |
_aDLC _cBD-RjUL _dBD-RjUL _beng |
||
| 041 | _aeng | ||
| 082 |
_a658.27 _bKIE 1962 |
||
| 100 | 1 |
_aKitow, Anatoliĭ Ivanovich. _927553 |
|
| 245 | 1 | 0 |
_aElektronische Digitalrechner und Programmierung, _cvon A. I. Kitow und N. A. Krinizki. [Deutsche Übersetzung: Karl-Heinz Rupp, Hans Schemmel und Viktor Ziegler] |
| 260 |
_aLeipzig, _bTeubner, _c1962. |
||
| 300 |
_a533 p. _billus. _c24 cm. |
||
| 504 | _aIncludes bibliography. | ||
| 650 | 0 |
_aElectronic digital computers. _927554 |
|
| 650 | 0 |
_aComputer programming. _927555 |
|
| 700 | 1 |
_aKrinit︠s︡kiĭ, Nikolaĭ Andreevich. _927556 |
|
| 942 |
_2ddc _cBK |
||
| 999 |
_c8862 _d8862 |
||